Физиологические закономерности адаптационных процессов при вахтовых режимах труда (у рабочих-нефтяников Западной Сибири): монография
| Körperschaften: | , , |
|---|---|
| Weitere Verfasser: | , , , , |
| Zusammenfassung: | Заглавие с титульного экрана Монография посвящена вопросам физиологической и психофизиологической адаптации рабочих-нефтяников к условиям вахтового труда. Предназначена для специалистов, занимающихся проблемами адаптации субъектов профессиональной деятельности к измененным условиям Текстовый файл AM_TPU_network |
| Sprache: | Russisch |
| Veröffentlicht: |
Томск, Изд-во ТПУ, 2015
|
| Schlagworte: | |
| Online-Zugang: | http://www.lib.tpu.ru/fulltext2/m/2016/m038.pdf |
| Format: | MixedMaterials Elektronisch Buch |
| KOHA link: | https://koha.lib.tpu.ru/cgi-bin/koha/opac-detail.pl?biblionumber=317409 |
MARC
| LEADER | 00000nam0a2200000 4500 | ||
|---|---|---|---|
| 001 | 317409 | ||
| 005 | 20260406143422.0 | ||
| 010 | |a 978-5-4387-0607-6 | ||
| 035 | |a (RuTPU)RU\TPU\book\342877 | ||
| 035 | |a RU\TPU\book\342858 | ||
| 090 | |a 317409 | ||
| 100 | |a 20160408d2015 k y0rusy50 ca | ||
| 101 | 0 | |a rus | |
| 102 | |a RU | ||
| 105 | |a a z 001zy | ||
| 135 | |a drcn ---uucaa | ||
| 181 | 0 | |a i |b e | |
| 182 | 0 | |a b | |
| 183 | 0 | |a cr |2 RDAcarrier | |
| 200 | 1 | |a Физиологические закономерности адаптационных процессов при вахтовых режимах труда (у рабочих-нефтяников Западной Сибири) |e монография |f А. М. Уразаев, О. Г. Берестнева, К. А. Шаропин [и др.] |g Национальный исследовательский Томский политехнический университет (ТПУ) | |
| 203 | |a Текст |c электронный |b визуальный | ||
| 210 | |a Томск |c Изд-во ТПУ |d 2015 | ||
| 283 | |a online_resource |2 RDAcarrier | ||
| 300 | |a Заглавие с титульного экрана | ||
| 330 | |a Монография посвящена вопросам физиологической и психофизиологической адаптации рабочих-нефтяников к условиям вахтового труда. Предназначена для специалистов, занимающихся проблемами адаптации субъектов профессиональной деятельности к измененным условиям | ||
| 336 | |a Текстовый файл | ||
| 371 | |a AM_TPU_network | ||
| 606 | 1 | |a Гигиена труда в различных отраслях производства |2 stltpush |3 (RuTPU)RU\TPU\subj\6456 |9 34338 | |
| 610 | 1 | |a электронный ресурс | |
| 610 | 1 | |a труды учёных ТПУ | |
| 610 | 1 | |a монографии | |
| 610 | 1 | |a физиологические изменения | |
| 610 | 1 | |a адаптационные процессы | |
| 610 | 1 | |a вахтовый метод | |
| 610 | 1 | |a нефтяники | |
| 610 | 1 | |a Западная Сибирь | |
| 610 | 1 | |a адаптация | |
| 610 | 1 | |a профессиональная деятельность | |
| 610 | 1 | |a окружающая среда | |
| 610 | 1 | |a психофизиологическая адаптация | |
| 675 | |a 613.6 |v 3 | ||
| 701 | 1 | |a Уразаев |b А. М. |g Александр Михайлович | |
| 701 | 1 | |a Берестнева |b О. Г. |c специалист в области информатики и вычислительной техники |c профессор Томского политехнического университета, доктор технических наук |f 1953- |g Ольга Григорьевна |3 (RuTPU)RU\TPU\pers\24545 |9 10845 | |
| 701 | 1 | |a Шаропин |b К. А. |c специалист в области информатики и вычислительной техники |c доцент Томского политехнического университета, кандидат технических наук |f 1972- |g Константин Александрович |3 (RuTPU)RU\TPU\pers\27093 |9 12643 | |
| 701 | 1 | |a Жаркова |b О. С. |c химик |c научный сотрудник Томского политехнического университета |f 1977- |g Оксана Станиславовна |3 (RuTPU)RU\TPU\pers\25557 |9 11487 | |
| 701 | 1 | |a Шелехов |b И. Л. |g Игорь Львович | |
| 712 | 0 | 2 | |a Национальный исследовательский Томский политехнический университет (ТПУ) |b Институт социально-гуманитарных технологий (ИСГТ) |b Кафедра менеджмента (МЕН) |3 (RuTPU)RU\TPU\col\18855 |
| 712 | 0 | 2 | |a Национальный исследовательский Томский политехнический университет (ТПУ) |b Институт кибернетики (ИК) |b Кафедра прикладной математики (ПМ) |3 (RuTPU)RU\TPU\col\18700 |
| 712 | 0 | 2 | |a Национальный исследовательский Томский политехнический университет (ТПУ) |b Институт природных ресурсов (ИПР) |b Кафедра физической и аналитической химии (ФАХ) |b Научно-исследовательская лаборатория "Микропримесей" № 506 (НИЛ "Микропримесей" № 506) |3 (RuTPU)RU\TPU\col\19903 |
| 801 | 1 | |a RU |b 63413507 |c 20150819 | |
| 801 | 2 | |a RU |b 63413507 |c 20160620 |g RCR | |
| 856 | 4 | 0 | |u http://www.lib.tpu.ru/fulltext2/m/2016/m038.pdf |z http://www.lib.tpu.ru/fulltext2/m/2016/m038.pdf |
| 942 | |c CF | ||